<?xml version="1.0" encoding="UTF-8"?>
<record
    xmlns:xsi="http://www.w3.org/2001/XMLSchema-instance"
    xsi:schemaLocation="http://www.loc.gov/MARC21/slim http://www.loc.gov/standards/marcxml/schema/MARC21slim.xsd"
    xmlns="http://www.loc.gov/MARC21/slim">

  <leader>00813nam a22002057a 4500</leader>
  <controlfield tag="003">BDDh-ASL</controlfield>
  <controlfield tag="005">20240219121910.0</controlfield>
  <controlfield tag="008">220926s2015    b  ||||| |||| 00| 0 b   d</controlfield>
  <datafield tag="040" ind1=" " ind2=" ">
    <subfield code="c">BDDh-ASL</subfield>
  </datafield>
  <datafield tag="041" ind1=" " ind2=" ">
    <subfield code="a">ben</subfield>
  </datafield>
  <datafield tag="082" ind1=" " ind2=" ">
    <subfield code="a">403.54922</subfield>
    <subfield code="b">BHD</subfield>
  </datafield>
  <datafield tag="100" ind1="1" ind2=" ">
    <subfield code="9">6606</subfield>
    <subfield code="a">&#x9AD;&#x9C2;&#x99E;&#x9BE;, &#x9AE;&#x9CB;&#x9B6;&#x9BE;&#x9B0;&#x9B0;&#x9AB; &#x9B9;&#x9CB;&#x9B8;&#x9C7;&#x9A8;</subfield>
  </datafield>
  <datafield tag="245" ind1="1" ind2=" ">
    <subfield code="a">&#x9A2;&#x9BE;&#x995;&#x9BE;&#x987;&#x9AF;&#x9BC;&#x9BE; &#x995;&#x9C1;&#x99F;&#x9CD;&#x99F;&#x9BF; &#x9AD;&#x9BE;&#x9B7;&#x9BE;&#x9B0; &#x985;&#x9AD;&#x9BF;&#x9A7;&#x9BE;&#x9A8; / </subfield>
  </datafield>
  <datafield tag="246" ind1=" " ind2=" ">
    <subfield code="a">Dhakaiya Kutti Bhashar Abhidhan. </subfield>
  </datafield>
  <datafield tag="260" ind1=" " ind2=" ">
    <subfield code="a">&#x9A2;&#x9BE;&#x995;&#x9BE;: </subfield>
    <subfield code="b">&#x990;&#x9A4;&#x9BF;&#x9B9;&#x9CD;&#x9AF;, </subfield>
    <subfield code="c">&#x9E8;&#x9E6;&#x9E7;&#x9EB;&#x964; </subfield>
  </datafield>
  <datafield tag="300" ind1=" " ind2=" ">
    <subfield code="a">&#x9E9;&#x9EA;&#x9E9; &#x9AA;&#x9C3;&#x9B7;&#x9CD;&#x9A0;&#x9BE;: </subfield>
    <subfield code="c">&#x9E7;&#x9EF; &#x9B8;&#x9C7;. &#x9AE;&#x9BF;.</subfield>
  </datafield>
  <datafield tag="650" ind1=" " ind2="0">
    <subfield code="9">5570</subfield>
    <subfield code="a">Dictionary (&#x985;&#x9AD;&#x9BF;&#x9A7;&#x9BE;&#x9A8;)</subfield>
  </datafield>
  <datafield tag="650" ind1=" " ind2="0">
    <subfield code="9">6525</subfield>
    <subfield code="a">Bangla Dictionary (&#x9AC;&#x9BE;&#x982;&#x9B2;&#x9BE; &#x985;&#x9AD;&#x9BF;&#x9A7;&#x9BE;&#x9A8;) </subfield>
    <subfield code="x">Dhakaiya Language (&#x9A2;&#x9BE;&#x995;&#x9BE;&#x987;&#x9AF;&#x9BC;&#x9BE; &#x9AD;&#x9BE;&#x9B7;&#x9BE;)</subfield>
  </datafield>
  <datafield tag="942" ind1=" " ind2=" ">
    <subfield code="2">ddc</subfield>
    <subfield code="c">BK</subfield>
  </datafield>
  <datafield tag="952" ind1=" " ind2=" ">
    <subfield code="0">0</subfield>
    <subfield code="1">0</subfield>
    <subfield code="2">ddc</subfield>
    <subfield code="4">0</subfield>
    <subfield code="7">0</subfield>
    <subfield code="8">NFIC</subfield>
    <subfield code="a">ASL</subfield>
    <subfield code="b">ASL</subfield>
    <subfield code="c">DC</subfield>
    <subfield code="d">2022-09-26</subfield>
    <subfield code="e">Donated by Prof. (Dr.) M. Abdul Qayyum &amp; Dr. Razia Sultana</subfield>
    <subfield code="l">0</subfield>
    <subfield code="o">403.54922 BHD</subfield>
    <subfield code="p">117527</subfield>
    <subfield code="r">2022-09-26 00:00:00</subfield>
    <subfield code="t">C-1</subfield>
    <subfield code="w">2022-09-26</subfield>
    <subfield code="y">BK</subfield>
  </datafield>
  <datafield tag="999" ind1=" " ind2=" ">
    <subfield code="c">29326</subfield>
    <subfield code="d">29326</subfield>
  </datafield>
</record>
